00906 2200301 4500001002100000005001500021035002000036007000300056008004100059020001800100082001100118084001600129084001400145100002900159245010400188250001200292300003900304650002500343650002500368700002900393700003000422264005200452336002100504337003000525338002300555990001300578990001300591INLIS00000000112181820251218030943 a0010-1125000175ta251218 0 ind  a9786231538826 a658.15 aD EMBS 4313 aEMBS 43130 aIra GeraldinaePengarang1 aAnalisis Kinerja Keuangan :b1-9 / EMBS4313 / 3 SKS /cIra Geraldina, Julia Safitri, Martino Wibowo aEdisi 1 a406 halaman :billustrasi ;c27 cm 4aKeuangan - manajemen 4aFinance - management0 aJulia SafitriePengarang0 aMartino WibowoePengarang aTangerang Selatan :bUniversitas Terbuka,c2025 2rdacontentaTeks 2rdamediaaTanpa perantara 2rdacarrieravolume a25/90087 a25/30087